Miasta U.S. z największą liczbą bezdomnych - Statystyki

Ogólne statystyki
  • Ten quiz został rozwiązany 94 razy
  • Średni wynik to 5 z 11
Statystyki odpowiedzi
# Liczba bezdomnych % Zmiana Miasto % Poprawnych
52,930 + 82 Los Angeles
98%
4,643 + 63 Miami
73%
24,607 + 69 San Francisco
71%
3,317 + 13 Las Vegas
51%
4,476 + 15 San Diego
48%
6,456 + 66 Seattle
47%
3,188 + 19 Phoenix
32%
3,900 + 221 Sacramento
31%
2,524 + 27 Portland
24%
2,403 + 131 Honolulu
5%
3,622 + 56 New York City
3%
Nie znaleziono quizów pasujących do podanych kryteriów
Rozkład punktacji
Procent ludzi z każdym wynikiem
Percentyl według liczby udzielonych odpowiedzi
Twoja historia wyników
Nie rozwiązałeś tego quizu